| 000 | 00606nam a2200169 a 4500 | ||
|---|---|---|---|
| 001 | 000044026 | ||
| 005 | 20201002045112.0 | ||
| 008 | 140513s1969 sp ab 000 0 spa d | ||
| 040 |
_aDO-SdBNP _bspa _cBNPHU |
||
| 100 | 1 |
_aCuadrado, Miguel M. _972004 |
|
| 245 | 1 | 0 |
_aElecciones y Partidos Políticos de España 1868-1931 / _cMiguel M. Cuadrado. |
| 260 |
_aMadrid : _bTaurus, _c1969. |
||
| 300 |
_a492 p. : _bil., mapas ; _c22 cm. |
||
| 490 | 1 |
_aBiblioteca política Taurus _a13 |
|
| 504 | _aIncluye referencias bibliográficas y notas al pie de las páginas | ||
| 830 | 0 |
_aBiblioteca política Taurus _v13 _970181 |
|
| 999 |
_c43515 _d43515 |
||